LEADER 01428nam--2200433---450- 001 990001216170203316 005 20090326151408.0 035 $a000121617 035 $aUSA01000121617 035 $a(ALEPH)000121617USA01 035 $a000121617 100 $a20031023d1986----km-y0enga50------ba 101 $aita 102 $aIT 105 $ay|||z|||001yy 200 1 $aCapitalismo democratico o collettivismo burocratico?$fAmedeo Grano 210 $aNapoli$cEdizioni Scientifiche Italiane$d1986 215 $a153 p.$d21 cm 225 2 $aFondazione Giacomo Matteotti$iStoria delle idee politiche e sociali$v7 410 0$12001$aFondazione Giacomo Matteotti$iStoria delle idee politiche e sociali$v7 454 1$12001 461 1$1001-------$12001 606 0 $aSocialismo 606 0 $aCapitalismo 676 $a335.437 700 1$aGRANO,$bAmedeo$0119679 801 0$aIT$bsalbc$gISBD 912 $a990001216170203316 951 $a335.4 GRA 4 (ISP IV 1220)$b39315 G.$cISP IV$d00091966 959 $aBK 969 $aGIU 979 $aMARIA$b10$c20031023$lUSA01$h1257 979 $aMARIA$b10$c20040216$lUSA01$h1225 979 $aPATRY$b90$c20040406$lUSA01$h1727 979 $aFIORELLA$b90$c20041026$lUSA01$h0939 979 $aRSIAV5$b90$c20090326$lUSA01$h1514 979 $aCHIARA$b90$c20110301$lUSA01$h1438 996 $aCapitalismo democratico o collettivismo burocratico$9157153 997 $aUNISA LEADER 04574nam 22009015 450 001 9910785797903321 005 20200918175944.0 010 $a1-283-58759-9 010 $a9786613900043 010 $a1-137-03106-9 024 7 $a10.1057/9781137031068 035 $a(CKB)2670000000238069 035 $a(EBL)1016565 035 $a(OCoLC)809799209 035 $a(SSID)ssj0000713511 035 $a(PQKBManifestationID)11423106 035 $a(PQKBTitleCode)TC0000713511 035 $a(PQKBWorkID)10658979 035 $a(PQKB)11335870 035 $a(DE-He213)978-1-137-03106-8 035 $a(MiAaPQ)EBC1016565 035 $a(PPN)227910257 035 $a(EXLCZ)992670000000238069 100 $a20151125d2012 u| 0 101 0 $aeng 135 $aur|n|---||||| 181 $ctxt 182 $cc 183 $acr 200 10$aInstitutionalizing Intersectionality$b[electronic resource] $eThe Changing Nature of European Equality Regimes /$fedited by A. Krizsan, H. Skjeie, J. Squires 205 $a1st ed. 2012. 210 1$aLondon :$cPalgrave Macmillan UK :$cImprint: Palgrave Macmillan,$d2012. 215 $a1 online resource (255 p.) 225 1 $aGender and Politics,$x2662-5814 300 $aDescription based upon print version of record. 311 $a1-349-33264-X 311 $a0-230-29295-X 320 $aIncludes bibliographical references and index. 327 $aCover; Contents; List of Tables; Notes on Contributors; 1 Institutionalizing Intersectionality: A Theoretical Framework; 2 The European Union: Initiator of a New European Anti-Discrimination Regime?; 3 Institutionalizing Intersectionality in the Nordic Countries: Anti-Discrimination and Equality in Denmark, Finland, Norway, and Sweden; 4 Institutionalizing Intersectionality in the 'Big Three': The Changing Equality Framework in France, Germany, and Britain; 5 Institutionalizing Intersectionality in the Low Countries: Belgium and The Netherlands 327 $a6 Institutionalizing Intersectionality in Southern Europe: Italy, Spain, and Portugal7 Institutionalizing Intersectionality in Central and Eastern Europe: Hungary, Poland, Romania, and Slovenia; 8 European Equality Regimes: Institutional Change and Political Intersectionality; Index 330 $aAn exploration of the ways that multiple inequalities are being addressed in Europe. Using country-based and region-specific case studies it provides an innovative comparative analysis of the multidimensional equality regimes that are emerging in Europe, and reveals the potential that these have for institutionalizing intersectionality. 410 0$aGender and Politics,$x2662-5814 606 $aPolitical sociology 606 $aPolitical theory 606 $aPolitical philosophy 606 $aEurope?Politics and government 606 $aPolitical science 606 $aSocial justice 606 $aHuman rights 606 $aPolitical Sociology$3https://scigraph.springernature.com/ontologies/product-market-codes/X22170 606 $aPolitical Theory$3https://scigraph.springernature.com/ontologies/product-market-codes/911010 606 $aPolitical Philosophy$3https://scigraph.springernature.com/ontologies/product-market-codes/E37000 606 $aEuropean Politics$3https://scigraph.springernature.com/ontologies/product-market-codes/911130 606 $aPolitical Science$3https://scigraph.springernature.com/ontologies/product-market-codes/911000 606 $aSocial Justice, Equality and Human Rights$3https://scigraph.springernature.com/ontologies/product-market-codes/X33070 615 0$aPolitical sociology. 615 0$aPolitical theory. 615 0$aPolitical philosophy. 615 0$aEurope?Politics and government. 615 0$aPolitical science. 615 0$aSocial justice. 615 0$aHuman rights. 615 14$aPolitical Sociology. 615 24$aPolitical Theory. 615 24$aPolitical Philosophy. 615 24$aEuropean Politics. 615 24$aPolitical Science. 615 24$aSocial Justice, Equality and Human Rights. 676 $a305.42094 676 $a323.34094 686 $aLAW043000$aPOL009000$aPOL010000$aSOC032000$2bisacsh 702 $aKrizsan$b A$4edt$4http://id.loc.gov/vocabulary/relators/edt 702 $aSkjeie$b H$4edt$4http://id.loc.gov/vocabulary/relators/edt 702 $aSquires$b J$4edt$4http://id.loc.gov/vocabulary/relators/edt 906 $aBOOK 912 $a9910785797903321 996 $aInstitutionalizing Intersectionality$93736937 997 $aUNINA